| 000 | 00645nam a2200205Ia 4500 | ||
|---|---|---|---|
| 003 | GCL | ||
| 008 | 140319s9999 xx 000 0 ara d | ||
| 040 |
_aGCL / _cGCL |
||
| 082 | 0 | 4 |
_a813.03 _bا ل |
| 100 | 1 | _aاحسان عبدالقدوس | |
| 245 | 1 | 0 |
_aلمن أترك كل هذا؟ / _cاحسان عبدالقدوس |
| 260 |
_aالقاهرة : _bمركز الاهرام للترجمة والنشر ، _c1990 |
||
| 300 |
_a192 ص ؛ _c20 سم |
||
| 490 | _a | ||
| 650 | 0 | 4 | _aالادب العربى |
| 650 | 0 | 4 | _aالقصص القصيرة |
| 650 | 0 | 4 | _aاحسان عبدالقدوس |
| 650 | 0 | 4 | _aالمجموعات |
| 942 |
_2ddc _cBK |
||
| 999 |
_c31623 _d31623 |
||